ا بعا د بصير ت (کتا بو ں پر تبصر ے ) (Record no. 176470)

MARC details
000 -LEADER
fixed length control field 00709nam a22001937a 4500
005 - DATE AND TIME OF LATEST TRANSACTION
control field 20201229151754.0
010 ## - LCCN (DPL NO)
LC control number UR-10982
020 ## - INTERNATIONAL STANDARD BOOK NUMBER
Terms of availability 400.00
International Standard Book Number 9788193780893
035 ## - SYSTEM CONTROL NUMBER
System control number U-9537
037 ## - SOURCE OF ACQUISITION
Source of stock number/acquisition DBAD/PUB
082 ## - DEWEY DECIMAL CLASSIFICATION NUMBER
Classification number 840.1
100 ## - MAIN ENTRY--PERSONAL NAME
Fuller form of name عز يز ا للہ شير ا نی
245 ## - TITLE STATEMENT
Title ا بعا د بصير ت (کتا بو ں پر تبصر ے )
Statement of responsibility, etc عز يز ا للہ شير ا نی
246 ## - VARYING FORM OF TITLE
Remainder of title Abad Basirat(Kitabon Par Tabsare) (Urdu)
Title proper/short title byAzizullah Sherani
260 ## - PUBLICATION, DISTRIBUTION, ETC. (IMPRINT)
Place of publication, distribution, etc Rajisthan
Name of publisher, distributor, etc Azizullah Sherani
Date of publication, distribution, etc 2020 ء
270 ## - ADDRESS
Address Farhat Manzil,Kali PaltonNear Dewanj's KuwanTonk,
City Tonk
Postal code 304001
Telephone number 9214984819
Fax number -
300 ## - PHYSICAL DESCRIPTION
Extent 368 ص
Dimensions 22 Cm(Hb)
942 ## - ADDED ENTRY ELEMENTS (KOHA)
Source of classification or shelving scheme Dewey Decimal Classification
Item type Urdu Bks
Classification part 840.1
Call number suffix ش ي ر
Holdings
Withdrawn status Lost status Not for loan Collection code Home library Current library Date acquired Source of acquisition Cost, normal purchase price Full call number Barcode Copy number Cost, replacement price Koha item type
      Non-fiction D.B.Act.Division D.B.Act.Division 29/12/2020 DBAD/PUB 400.00 840.1 ش ي ر U-9537 1 400.00 Urdu Bks

© Delhi Public Library
Hit Counter
free hit counter